All-NBA 2000's Teams - Statistics

General Stats
  • This quiz has been taken 284 times
  • The average score is 11 of 15
Answer Stats
Position, Teams Answer % Correct
SG, 1st Kobe Bryant
97%
C, 1st Shaquille O'Neal
97%
PF, 1st Tim Duncan
94%
SF, 1st LeBron James
90%
PF, 3rd Jermaine O'Neal
85%
PG/SG, 1st Allen Iverson
83%
PG, 3rd Steve Nash
82%
SF/PF, 2nd Kevin Garnett
78%
SG, 2nd Dwyane Wade
74%
PF, 2nd Dirk Nowitzki
73%
PG, 2nd Jason Kidd
70%
SF, 3rd Paul Pierce
62%
SG, 3rd Tracy McGrady
54%
C, 2nd Ben Wallace
48%
C, 3rd Yao Ming
46%
No matching quizzes found
Score Distribution
Percent of People with Each Score
Percentile by Number Answered
Your Score History
You have not taken this quiz